Anatomy of the Tooth Map Quiz - Statistics

General Stats
  • This quiz has been taken 374 times
  • The average score is 5 of 10
Answers on the Map
Answers color-coded by a green-red scale on the quiz's map according to % correct below.
 
Answer Stats
Answer % Correct
Blood Vessel
68%
Crown
64%
Gum
63%
Nerve
63%
Enamel
57%
Root
57%
Pulp
47%
Bone
43%
Dentine
43%
Cementum
29%
No matching quizzes found
Score Distribution
Percent of People with Each Score
Percentile by Number Answered
Your Score History
You have not taken this quiz